LEADER 01153nam2-2200337li-450- 001 990003246620203316 005 20090518115047.0 035 $a000324662 035 $aUSA01000324662 035 $a(ALEPH)000324662USA01 035 $a000324662 100 $a2002009051891975----y0itay0103----ba 101 0 $aeng 102 $aUS 200 1 $aIntroduction to spectral theory: selfadjoint ordinary differential operators$fB. M. Levitan, I. S. Sargsjan 210 $aProvidence$cAmerican Mathematical Society$dcopyr. 1975 215 $aXI, 525 p.$cill.$d23 cm 225 2 $aTranslations of mathematical monographs$v39 410 0$1001000324643$12001$aTranslations of mathematical monographs$v39 606 1 $aOperatori differenziali 676 $a515.722 700 1$aLEVITAN,$bB. M.$048792 701 1$aSARGSJAN,$bI. S.$0754678 801 $aita$bsalbc$gISBD 912 $a990003246620203316 951 $a515 TMM (39)$b6869/CBS$c515$d00220705 959 $aBK 969 $aSCI 979 $aRSIAV7$b90$c20090518$lUSA01$h1150 996 $aIntroduction to spectral theory: selfadjoint ordinary differential operators$91518747 997 $aUNISA LEADER 02928nam 2200721 a 450 001 9910454469203321 005 20200520144314.0 010 $a1-282-07039-8 010 $a9786612070396 010 $a0-226-54410-9 024 7 $a10.7208/9780226544106 035 $a(CKB)1000000000747324 035 $a(EBL)432269 035 $a(OCoLC)371102605 035 $a(SSID)ssj0000240806 035 $a(PQKBManifestationID)11222674 035 $a(PQKBTitleCode)TC0000240806 035 $a(PQKBWorkID)10266515 035 $a(PQKB)11707490 035 $a(StDuBDS)EDZ0000122713 035 $a(MiAaPQ)EBC432269 035 $a(DE-B1597)524122 035 $a(OCoLC)1058288314 035 $a(DE-B1597)9780226544106 035 $a(Au-PeEL)EBL432269 035 $a(CaPaEBR)ebr10290023 035 $a(CaONFJC)MIL207039 035 $a(EXLCZ)991000000000747324 100 $a20080404d2008 uy 0 101 0 $aeng 135 $aur|n|---||||| 181 $ctxt 182 $cc 183 $acr 200 10$aSame sex, different politics$b[electronic resource] $esuccess and failure in the struggles over gay rights /$fGary Mucciaroni 210 $aChicago $cUniversity of Chicago Press$d2008 215 $a1 online resource (392 p.) 225 0 $aChicago Studies in American Politics 300 $aDescription based upon print version of record. 311 $a0-226-54408-7 311 $a0-226-54409-5 320 $aIncludes bibliographical references (p. [313]-366) and index. 327 $aIssues, institutions, and threats -- Defining the threats from gay rights -- Advocating gay rights -- Legalizing homosexual conduct -- Adoption -- Military service -- Marriage, civil rights, and hate crimes -- Conclusion. 330 $aWhy is it so much harder for American same-sex couples to get married than it is for them to adopt children? And why does our military prevent gays from serving openly even though jurisdictions nationwide continue to render such discrimination illegal? Illuminating the conditions that engender these contradictory policies, Same Sex, Different Politics explains why gay rights advocates have achieved dramatically different levels of success from one policy area to another. The first book to compare results across a wide range of gay rights struggles, t 410 0$aChicago Studies in American Politics 606 $aGay rights 606 $aGays$xSocial conditions 606 $aHomosexuality 606 $aGays$xServices for 608 $aElectronic books. 615 0$aGay rights. 615 0$aGays$xSocial conditions. 615 0$aHomosexuality. 615 0$aGays$xServices for. 676 $a323.3/264 700 $aMucciaroni$b Gary$0896922 801 0$bMiAaPQ 801 1$bMiAaPQ 801 2$bMiAaPQ 906 $aBOOK 912 $a9910454469203321 996 $aSame sex, different politics$92004138 997 $aUNINA